00253nam a22000977a 4500008004100000082001700041245002700058260003900085300001100124440002000135230606b xxu||||| |||| 00| 0 eng d a340.690bCUP aJournal of African Law aLondonbCambridge University Press aI,235p n2v45x02218553